000 00478nam a2200157 4500
001 111313
003 ES-MaACL
005 20230906185300.0
007 t|
008 061121s1948 sp r ||||1| spa d
100 1 _aOliván Baile, Francisco.
_986748
245 1 0 _aTres horas en San Juan de la Peña /
_cFrancisco Oliván Baile.
260 _aZaragoza :
_b[s.n.],
_c1948 (
_fImp. Gráf. A.B.C.)
300 _a66 p., 8 lám. ;
_c21 cm.
852 _aES-MaACL
_j1888-F-13
_bR.26125
999 _c111313
_d111313